[Event "AUT2O-chT 1998/99"]
[Site "Wien-Favoriten"]
[Date "1999.02.14"]
[Round "9.4"]
[White "Steiner, Heinz"]
[Black "Steinert, Martin"]
[Result "0-1"]
[WhiteElo "2160"]
[BlackElo "2145"]
[PlyCount "192"]
[EventDate "1999.02.13"]

1. d4 d5 2. Nf3 Nf6 3. g3 h6 4. Bg2 Bf5 5. O-O e6 6. b3 Nbd7 7. Bb2 Bd6 8. Nbd2
O-O 9. c4 c6 10. Re1 Bh7 11. a3 Ne4 12. b4 Ndf6 13. e3 a5 14. c5 Bc7 15. Qe2
Re8 16. Red1 Nxd2 17. Nxd2 e5 18. dxe5 Bxe5 19. Bxe5 Rxe5 20. Nc4 Re7 21. Nb6
Rb8 22. Rd4 axb4 23. axb4 Ne4 24. Bxe4 Bxe4 25. f3 Bg6 26. Qd2 Qe8 27. Kf2 Re5
28. Ra3 Qe6 29. g4 f5 30. h3 fxg4 31. hxg4 Rf8 32. Ra8 Rxa8 33. Nxa8 Qe7 34.
Rf4 Qh4+ 35. Kg2 h5 36. Qd4 hxg4 37. Rxg4 Rg5 38. Nb6 Bf5 39. Rxg5 Qxg5+ 40.
Kf2 Bh3 41. Qf4 Qg2+ 42. Ke1 Qf1+ 43. Kd2 Qf2+ 44. Kc3 Qe1+ 45. Kb3 Qb1+ 46.
Kc3 Qc1+ 47. Kb3 Qd1+ 48. Kc3 Qc1+ 49. Kb3 Qd2 50. Qd4 Qe1 51. Na4 Bf1 52. Nb2
Qb1 53. Qd2 Bc4+ 54. Kc3 Qa1 55. Kd4 Bb5 56. Qh2 Qe1 57. Qc2 Qxb4+ 58. Ke5 Qa3
59. Nd1 Qa5 60. Qg6 Qc7+ 61. Ke6 Qc8+ 62. Ke5 Be2 63. Nf2 Bxf3 64. Qg5 Qf8 65.
Nd3 Be4 66. Nf4 Qxc5 67. Ne6 Qc3+ 68. Nd4 Qa5 69. Ne6 Qa1+ 70. Nd4 Qf1 71. Ne6
Qf6+ 72. Qxf6 gxf6+ 73. Kxf6 b5 74. Nc5 Bc2 75. Ke5 b4 76. Kd4 b3 77. Kc3 Kf7
78. Na4 Kf6 79. Kd4 Ke6 80. Kc5 Kd7 81. Nb6+ Kc7 82. Na4 Kb7 83. Nb2 Kc7 84.
Na4 Bd3 85. Nb2 Bb5 86. Nd1 Kd7 87. Kb4 Bc4 88. Kc5 Ke6 89. Kxc6 Ke5 90. Kc5
Ke4 91. Kb4 Kd3 92. Ka3 Kc2 93. Nb2 Bb5 94. Nd1 Kxd1 95. Kxb3 Bd3 96. Kc3 Be4
0-1

[Event "AUT2O-chT 1998/99"]
[Site "Wien-Favoriten"]
[Date "1999.02.14"]
[Round "9.6"]
[White "Koller, Hubert"]
[Black "Hofbauer, Peter"]
[Result "1-0"]
[WhiteElo "2160"]
[BlackElo "2100"]
[PlyCount "81"]
[EventDate "1999.02.13"]

1. e4 Nf6 2. e5 Nd5 3. c4 Nb6 4. b3 d6 5. exd6 exd6 6. Bb2 Qe7+ 7. Be2 Bg4 8.
d4 N8d7 9. Nc3 O-O-O 10. a4 Kb8 11. a5 Nc8 12. a6 Nf6 13. axb7 Kxb7 14. Nf3
Bxf3 15. gxf3 Nh5 16. Qd2 Nf6 17. O-O Re8 18. Rfe1 Qd7 19. d5 Be7 20. Nb5 c6
21. dxc6+ Qxc6 22. b4 Bd8 23. Nd4 Qd7 24. c5 dxc5 25. bxc5 Ka8 26. Reb1 Bc7 27.
f4 Ne4 28. Bf3 g5 29. f5 Re7 30. Qc2 Rhe8 31. Ne6 Rxe6 32. fxe6 Qxe6 33. Bd4 f5
34. Ra4 Qh6 35. Be3 Bxh2+ 36. Kf1 Qc6 37. Rbb4 Nd2+ 38. Qxd2 Qxf3 39. Qd7 Rg8
40. c6 Bb8 41. Qb7# 1-0

[Event "AUT2O-chT 1998/99"]
[Site "Wien-Favoriten"]
[Date "1999.02.14"]
[Round "9.3"]
[White "Wiedner, Robert"]
[Black "Sandhu, Mario"]
[Result "0-1"]
[WhiteElo "2190"]
[BlackElo "2190"]
[PlyCount "76"]
[EventDate "1999.02.13"]

1. c4 e6 2. Nf3 Nf6 3. b3 d5 4. Bb2 Be7 5. e3 O-O 6. Be2 b6 7. O-O Bb7 8. Ne5
Nbd7 9. f4 c5 10. cxd5 Nxd5 11. Na3 a6 12. Nac4 N7f6 13. Nf3 b5 14. Nce5 Qb6
15. Qe1 Rfd8 16. Ng5 Rf8 17. a3 h6 18. Ngf3 Rfd8 19. h3 c4 20. bxc4 Nxf4 21.
Bd1 Nd3 22. Nxd3 Rxd3 23. cxb5 axb5 24. Ne5 Rdd8 25. Bf3 Bxf3 26. Rxf3 Qd6 27.
d3 Rdc8 28. Rc1 Qd5 29. e4 Qb3 30. Rb1 Rc2 31. Bd4 Qxa3 32. Ra1 Bc5 33. Rxa3
Bxd4+ 34. Kh1 Rxa3 35. Rf1 Bxe5 36. Qe3 Raa2 37. d4 Rxg2 38. Re1 Nh5 0-1

[Event "AUT2O-chT 1998/99"]
[Site "Wien-Favoriten"]
[Date "1999.02.14"]
[Round "9.4"]
[White "Holzer, Gerhard"]
[Black "Hechl, Gerald"]
[Result "1-0"]
[WhiteElo "2255"]
[BlackElo "2190"]
[PlyCount "93"]
[EventDate "1999.02.13"]

1. e4 c5 2. Nf3 e6 3. Nc3 a6 4. d4 cxd4 5. Nxd4 d6 6. Be2 Nf6 7. O-O Be7 8. f4
Qc7 9. Kh1 O-O 10. Qe1 b5 11. Bd3 Nbd7 12. Qg3 Bb7 13. a3 Nc5 14. Re1 d5 15. e5
Nfe4 16. Nxe4 dxe4 17. Be2 Rfd8 18. Be3 Kh8 19. Rac1 Na4 20. c4 b4 21. b3 Nc3
22. Bf1 Bc5 23. Nc2 Bxe3 24. Nxe3 a5 25. Qh4 Rg8 26. Ng4 Qd8 27. Qh5 f5 28.
exf6 gxf6 29. Re3 Rg6 30. Rh3 Qg8 31. Nh6 Qg7 32. f5 Rxh6 33. Qxh6 exf5 34. Qf4
Qg5 35. Qc7 Qg7 36. Qd6 e3 37. Rxe3 Qh6 38. Rexc3 bxc3 39. Rxc3 Rg8 40. c5 Be4
41. c6 f4 42. Rc4 Qg6 43. Rxe4 Qxe4 44. Qxf6+ Rg7 45. c7 Qe8 46. h3 Qc8 47. Bc4
1-0

[Event "AUT2O-chT 1998/99"]
[Site "Wien-Favoriten"]
[Date "1999.02.14"]
[Round "9.5"]
[White "Weiss, Karl"]
[Black "Schuh, Franz"]
[Result "1/2-1/2"]
[WhiteElo "2185"]
[BlackElo "2265"]
[PlyCount "74"]
[EventDate "1999.02.13"]

1. d4 d5 2. Nf3 Nf6 3. Bg5 e6 4. e3 Be7 5. Nbd2 Nbd7 6. Bd3 b6 7. c3 Bb7 8. Qe2
Ne4 9. Bxe7 Qxe7 10. Bxe4 dxe4 11. Ng1 O-O 12. f3 exf3 13. Ngxf3 e5 14. O-O c5
15. Qf2 Rae8 16. Qg3 f5 17. Nxe5 Nxe5 18. Qxe5 Qxe5 19. dxe5 Rxe5 20. Rfe1 Rd8
21. Re2 Red5 22. Nf3 Rd1+ 23. Rxd1 Rxd1+ 24. Kf2 g6 25. Re1 Bxf3 26. gxf3 Rxe1
27. Kxe1 g5 28. b3 Kf7 29. f4 h6 30. c4 Ke6 31. a4 Kd6 32. Kf2 a6 33. Kf3 Ke6
34. Kg3 Kf6 35. h4 gxh4+ 36. Kxh4 Kg6 37. Kg3 Kf6 1/2-1/2

[Event "AUT2O-chT 1998/99"]
[Site "Wien-Favoriten"]
[Date "1999.02.14"]
[Round "9.2"]
[White "Rumpl, Erwin"]
[Black "Kuthan, Andreas"]
[Result "0-1"]
[WhiteElo "2210"]
[BlackElo "2190"]
[PlyCount "46"]
[EventDate "1999.02.13"]

1. d4 c6 2. c4 d5 3. cxd5 cxd5 4. Nc3 e5 5. e3 e4 6. f3 exf3 7. Nxf3 Nf6 8. Bd3
Nc6 9. O-O Bd6 10. e4 dxe4 11. Nxe4 Be7 12. Qe2 O-O 13. Nxf6+ Bxf6 14. Qe4 g6
15. Qf4 Nxd4 16. Ne5 Bf5 17. Ng4 Bg7 18. Qg3 Bxd3 19. Qxd3 Nf5 20. Qh3 Qd4+ 21.
Kh1 Rad8 22. Bg5 Rd5 23. Qf3 Ng3+ 0-1

[Event "AUT2O-chT 1998/99"]
[Site "Wien-Favoriten"]
[Date "1999.02.14"]
[Round "9.3"]
[White "Petzer, Reinhard"]
[Black "Wadsack, Wolfgang"]
[Result "1-0"]
[WhiteElo "2135"]
[BlackElo "2180"]
[PlyCount "83"]
[EventDate "1999.02.13"]

1. Nf3 d5 2. c4 c6 3. b3 Nf6 4. Bb2 Bg4 5. Ne5 Bf5 6. d3 Nbd7 7. Nd2 Nxe5 8.
Bxe5 e6 9. g3 Bc5 10. Bc3 Ng4 11. d4 Bd6 12. Bg2 h5 13. h4 Qc7 14. Nf1 Rd8 15.
Qd2 Qe7 16. Ne3 Nxe3 17. Qxe3 O-O 18. Bf3 Bg6 19. c5 Bc7 20. Qg5 Qxg5 21. hxg5
e5 22. Bxh5 e4 23. Bg4 Rfe8 24. Bd2 Re7 25. a3 e3 26. Bxe3 Bxg3 27. Kd2 Rde8
28. Rh3 Bc7 29. Rah1 f5 30. gxf6 gxf6 31. Rg1 Kf7 32. Rh6 f5 33. Bf3 Re6 34.
Rhxg6 Rxg6 35. Bh5 Reg8 36. Bg5 R8g7 37. Ke3 Rg8 38. Kf3 R8g7 39. Bf4 Bd8 40.
Be5 Rg8 41. Rxg6 Rxg6 42. Kf4 1-0

[Event "AUT2O-chT 1998/99"]
[Site "Wien-Favoriten"]
[Date "1999.02.14"]
[Round "9.4"]
[White "Gugler, Edgar"]
[Black "Fuchs, Stefan"]
[Result "1-0"]
[WhiteElo "2220"]
[BlackElo "2140"]
[PlyCount "51"]
[EventDate "1999.02.13"]

1. d4 f5 2. Nf3 Nf6 3. g3 g6 4. Bg5 Bg7 5. Bg2 O-O 6. O-O Ne4 7. Be3 d6 8. Nbd2
Nf6 9. Nb3 c6 10. Qc1 Na6 11. Bh6 Nc7 12. c4 Qe8 13. Bxg7 Kxg7 14. Qc3 Ne4 15.
Qc2 Qf7 16. Ne1 Bd7 17. Nd3 Rac8 18. f3 Ng5 19. e4 Nge6 20. Qd2 Qf6 21. e5 Qf7
22. exd6 exd6 23. Qb4 b5 24. Qxd6 bxc4 25. Ne5 Qe8 26. Nxd7 1-0

[Event "AUT2O-chT 1998/99"]
[Site "Wien-Favoriten"]
[Date "1999.02.14"]
[Round "9.1"]
[White "Polak, Thomas"]
[Black "Jansa, Vlastimil"]
[Result "1/2-1/2"]
[WhiteElo "2525"]
[BlackElo "2490"]
[PlyCount "25"]
[EventDate "1999.02.13"]

1. d4 Nf6 2. c4 g6 3. Nc3 d5 4. e3 Bg7 5. Nf3 O-O 6. Be2 c5 7. O-O cxd4 8. exd4
Nc6 9. h3 b6 10. Ne5 Bb7 11. Bf3 Na5 12. cxd5 Nxd5 13. Bd2 1/2-1/2

[Event "AUT2O-chT 1998/99"]
[Site "Wien-Favoriten"]
[Date "1999.02.14"]
[Round "9.2"]
[White "Lau, Ralph"]
[Black "Groetz, Harald"]
[Result "1-0"]
[WhiteElo "2445"]
[BlackElo "2225"]
[PlyCount "85"]
[EventDate "1999.02.13"]

1. e4 c5 2. Nf3 d6 3. d4 cxd4 4. Nxd4 Nf6 5. f3 Nc6 6. c4 g6 7. Be3 Bg7 8. Nc3
O-O 9. Be2 Qd7 10. O-O b6 11. Nxc6 Qxc6 12. Qd2 Bb7 13. Rfc1 Rfd8 14. a4 e6 15.
a5 bxa5 16. Rxa5 a6 17. b4 Rac8 18. Qe1 Qe8 19. Bb6 Rd7 20. Bf1 Rc6 21. Bd4 Qe7
22. Ra2 Rc8 23. Na4 Rdc7 24. Qd2 Bf8 25. Nb6 Rd8 26. Rd1 Nd7 27. Kh1 Rc6 28.
Na4 Rcc8 29. Raa1 Rb8 30. Ba7 Ra8 31. Be3 Rdc8 32. c5 d5 33. exd5 Bxd5 34. Nc3
a5 35. Bg5 Qe8 36. Nxd5 exd5 37. Re1 Ne5 38. Bf6 Nxf3 39. gxf3 Qc6 40. Bb2 axb4
41. Qd4 f6 42. Rxa8 Rxa8 43. Bb5 1-0

[Event "AUT2O-chT 1998/99"]
[Site "Wien-Favoriten"]
[Date "1999.02.14"]
[Round "9.3"]
[White "Voegel, Wolfgang"]
[Black "Hangweyrer, Manfred"]
[Result "0-1"]
[WhiteElo "2230"]
[BlackElo "2370"]
[PlyCount "42"]
[EventDate "1999.02.13"]

1. d4 Nf6 2. c4 g6 3. Nc3 Bg7 4. e4 d6 5. Be2 O-O 6. Nf3 e5 7. O-O exd4 8. Nxd4
Re8 9. f3 c6 10. Nb3 a5 11. Na4 d5 12. exd5 cxd5 13. cxd5 Bd7 14. Nbc5 Nxd5 15.
Qxd5 Rxe2 16. Bf4 Qf6 17. Nxd7 Nxd7 18. Qxb7 Qxf4 19. Qxa8+ Nf8 20. Nc3 Bd4+
21. Kh1 Be5 0-1

[Event "AUT2O-chT 1998/99"]
[Site "Wien-Favoriten"]
[Date "1999.02.14"]
[Round "9.4"]
[White "Vokroj, Rene"]
[Black "Wiedermann, Franz"]
[Result "1-0"]
[WhiteElo "2285"]
[BlackElo "2175"]
[PlyCount "105"]
[EventDate "1999.02.13"]

1. Nf3 d5 2. c4 c6 3. g3 Nf6 4. b3 Bf5 5. Bg2 e6 6. O-O Be7 7. d3 O-O 8. Bb2 h6
9. Nbd2 Nbd7 10. a3 Qb8 11. Ra2 e5 12. e4 dxe4 13. dxe4 Be6 14. Qa1 Bd6 15. Bc3
a5 16. Rc2 b5 17. c5 Bc7 18. Bb2 a4 19. b4 g5 20. h3 Ne8 21. Rd1 f6 22. Rc3 Ng7
23. Rd3 Qe8 24. Nf1 Rd8 25. Ne3 Bb3 26. R1d2 Qf7 27. Nh2 Nb8 28. Nhg4 Kh7 29.
Nf5 Nxf5 30. exf5 Bd5 31. Bxd5 Rxd5 32. Rxd5 cxd5 33. Qf1 h5 34. Nh2 Qd7 35.
Qd1 Qxf5 36. Rxd5 Qxh3 37. Qd3+ Kh6 38. Qxb5 Qe6 39. Rd2 e4 40. Nf1 h4 41. Qxa4
e3 42. Nxe3 hxg3 43. Qc2 gxf2+ 44. Kxf2 f5 45. Nd5 Be5 46. Re2 Nc6 47. Qd1 Rd8
48. Qh1+ Kg6 49. Ne7+ Qxe7 50. Qxc6+ Qf6 51. Qxf6+ Bxf6 52. Bxf6 Kxf6 53. c6
1-0

[Event "AUT2O-chT 1998/99"]
[Site "Wien-Favoriten"]
[Date "1999.02.14"]
[Round "9.5"]
[White "Schirmbeck, Hannes"]
[Black "Beckhuis, Gernod"]
[Result "0-1"]
[WhiteElo "2165"]
[BlackElo "2245"]
[PlyCount "62"]
[EventDate "1999.02.13"]

1. e4 c5 2. Nf3 e6 3. d4 cxd4 4. Nxd4 Nc6 5. Nxc6 bxc6 6. Bd3 Nf6 7. O-O e5 8.
f4 d6 9. b3 Be7 10. Bb2 O-O 11. Qf3 Nd7 12. f5 a5 13. Nd2 a4 14. Nc4 Ba6 15.
Qg4 Nf6 16. Qf3 Qc7 17. g4 h6 18. h4 Nh7 19. g5 hxg5 20. h5 Nf6 21. Bc1 d5 22.
Nd2 Qb6+ 23. Kh2 Qd4 24. Rb1 dxe4 25. Nxe4 Nxe4 26. Be3 g4 27. Qe2 g3+ 28. Kg2
Bxd3 29. cxd3 Nc3 30. Bxd4 Nxe2 31. Bxe5 f6 0-1

[Event "AUT2O-chT 1998/99"]
[Site "Wien-Favoriten"]
[Date "1999.02.14"]
[Round "9.6"]
[White "Reschun, Sascha"]
[Black "Pernerstorfer, Johannes"]
[Result "1-0"]
[WhiteElo "2270"]
[BlackElo "2115"]
[PlyCount "91"]
[EventDate "1999.02.13"]

1. e4 c5 2. Nf3 d6 3. d4 cxd4 4. Nxd4 Nf6 5. Nc3 a6 6. f4 e5 7. Nf3 Nbd7 8. a4
Be7 9. Bc4 Qa5 10. Bd2 exf4 11. Qe2 O-O 12. Nd5 Qd8 13. Nxf4 Ne5 14. Bb3 Bg4
15. O-O-O b5 16. h3 Bxf3 17. gxf3 Qc7 18. Nd5 Nxd5 19. Bxd5 Rac8 20. Bc3 bxa4
21. f4 Ng6 22. Rhg1 a3 23. h4 Qb6 24. Qd2 Rxc3 25. Qxc3 axb2+ 26. Kb1 Bf6 27.
Qg3 Qa5 28. Ba2 Rc8 29. Qb3 Qc7 30. Rg4 Nf8 31. f5 Qe7 32. Rdg1 Nd7 33. Qb7 Re8
34. h5 Ne5 35. Qxe7 Rxe7 36. R1g3 Nd7 37. h6 Nc5 38. Rxg7+ Bxg7 39. Rxg7+ Kf8
40. Rxh7 Rxe4 41. f6 Ke8 42. Bxf7+ Kd8 43. Rh8+ Kc7 44. Bb3 Nxb3 45. cxb3 Rf4
46. h7 1-0

[Event "AUT2O-chT 1998/99"]
[Site "Wien-Favoriten"]
[Date "1999.02.14"]
[Round "9.2"]
[White "Stranz, Richard"]
[Black "Hardt, Christian"]
[Result "0-1"]
[WhiteElo "2255"]
[BlackElo "2135"]
[PlyCount "82"]
[EventDate "1999.02.13"]

1. e4 d6 2. d4 g6 3. Nc3 Bg7 4. Bg5 c6 5. Qd2 b5 6. f4 a5 7. Nf3 a4 8. Be2 Qb6
9. a3 Bd7 10. O-O Na6 11. Kh1 Nc7 12. Bh4 Nh6 13. Rae1 f6 14. Bf2 O-O 15. Nd1
Qa5 16. c3 Rad8 17. h3 Bc8 18. Be3 Nf7 19. Nf2 e6 20. g4 Bb7 21. Qc2 Qa8 22.
Kh2 Rfe8 23. h4 f5 24. gxf5 exf5 25. e5 c5 26. Ng5 Nxg5 27. hxg5 h5 28. gxh6
Bxh6 29. Rg1 Kf7 30. Bd3 Rh8 31. Nh3 Be4 32. Bxe4 Qxe4 33. Qxe4 fxe4 34. exd6
Nd5 35. dxc5 Nxe3 36. Kg3 Nf5+ 37. Kg4 e3 38. Kf3 Rc8 39. Rb1 Rhd8 40. Ng5+
Bxg5 41. fxg5 Rxc5 0-1

[Event "AUT2O-chT 1998/99"]
[Site "Wien-Favoriten"]
[Date "1999.02.14"]
[Round "9.3"]
[White "Wais, Michael"]
[Black "Krpelan, Wolfgang"]
[Result "0-1"]
[WhiteElo "2085"]
[BlackElo "2190"]
[PlyCount "126"]
[EventDate "1999.02.13"]

1. d4 Nf6 2. c4 c6 3. Nc3 d5 4. cxd5 cxd5 5. Nf3 e6 6. Bf4 Nc6 7. e3 Qa5 8. a3
Ne4 9. Qc1 Bd7 10. Nd2 Nxc3 11. Qxc3 Bb4 12. Qc1 Be7 13. Bd3 Qb6 14. Nf3 Na5
15. Bc7 Qb3 16. Bc2 Qb5 17. Bxa5 Qxa5+ 18. Qd2 Qxd2+ 19. Kxd2 f6 20. Bd3 Bd6
21. Rac1 Bc6 22. Bb1 Kf7 23. Ba2 Rac8 24. Rc3 Bd7 25. Rhc1 Rxc3 26. Rxc3 Rc8
27. Rxc8 Bxc8 28. h3 g5 29. Bb1 h6 30. Ba2 Bd7 31. Bb3 Ke7 32. Bc2 Bc6 33. Bb1
e5 34. Ba2 e4 35. Ng1 Bc7 36. Ne2 Kd6 37. Ng3 Bd7 38. Ne2 Be6 39. Nc3 a6 40.
Ke2 Bd8 41. Kd2 Bc7 42. Ke2 Bd8 43. Kd2 Ba5 44. Kc2 f5 45. Ne2 Be1 46. f3 exf3
47. gxf3 h5 48. Kd1 Bf2 49. Kd2 h4 50. Bb3 f4 51. exf4 Bxh3 52. fxg5 Bf5 53. g6
Bxg6 54. Nf4 Bf5 55. Bxd5 Bg3 56. Bxb7 Bxf4+ 57. Ke2 a5 58. b4 a4 59. Ba6 Bd7
60. Bc4 Bc6 61. Kf2 h3 62. Bf1 h2 63. Bg2 Kd5 0-1

[Event "AUT2O-chT 1998/99"]
[Site "Wien-Favoriten"]
[Date "1999.02.14"]
[Round "9.2"]
[White "Miniboeck, Guenter"]
[Black "Neubauer, Martin"]
[Result "1-0"]
[WhiteElo "2350"]
[BlackElo "2305"]
[PlyCount "74"]
[EventDate "1999.02.13"]

1. d4 Nf6 2. c4 g6 3. Nc3 d5 4. cxd5 Nxd5 5. e4 Nxc3 6. bxc3 Bg7 7. Nf3 c5 8.
Rb1 O-O 9. Be2 Nc6 10. d5 Ne5 11. Nxe5 Bxe5 12. Qd2 b6 13. f4 Bg7 14. O-O e6
15. d6 e5 16. fxe5 Bb7 17. Qf4 Qe8 18. Bc4 Bxe5 19. Qh4 Bg7 20. Bg5 Qxe4 21.
Qxe4 Bxe4 22. Rbe1 Bf5 23. Rf3 Rab8 24. Re7 h6 25. Bh4 b5 26. Bd5 b4 27. c4
Bd4+ 28. Kf1 a5 29. Ra7 a4 30. Rxa4 Bc2 31. Ra7 g5 32. Bg3 Bg6 33. d7 g4 34.
Rf4 b3 35. axb3 Rxb3 36. Be4 Rd8 37. Bh4 37... g3 {Zeit} 1-0

[Event "AUT2O-chT 1998/99"]
[Site "Wien-Favoriten"]
[Date "1999.02.14"]
[Round "9.3"]
[White "Fusi, Christoph"]
[Black "Sulyok, Michael"]
[Result "1/2-1/2"]
[WhiteElo "2250"]
[BlackElo "2270"]
[PlyCount "37"]
[EventDate "1999.02.13"]

1. e4 e5 2. Nf3 Nc6 3. Bb5 Nge7 4. O-O g6 5. d4 exd4 6. Nxd4 Bg7 7. Be3 O-O 8.
Nc3 d5 9. exd5 Nxd5 10. Nxc6 bxc6 11. Bxc6 Nxe3 12. Qxd8 Rxd8 13. fxe3 Rb8 14.
Rad1 Rxd1 15. Nxd1 Bxb2 16. Bd5 Be6 17. Bxe6 fxe6 18. Nf2 Bg7 19. Nd3 1/2-1/2

[Event "AUT2O-chT 1998/99"]
[Site "Wien-Favoriten"]
[Date "1999.02.14"]
[Round "9.4"]
[White "Eibersberger, Manfred"]
[Black "Zetthofer, Gerald"]
[Result "0-1"]
[WhiteElo "2165"]
[BlackElo "2210"]
[PlyCount "70"]
[EventDate "1999.02.13"]

1. c4 e6 2. Nc3 d5 3. d4 Nf6 4. Nf3 Nbd7 5. g3 c6 6. Bg2 Bd6 7. O-O O-O 8. b3
Qe7 9. Bb2 a6 10. a4 dxc4 11. bxc4 e5 12. e3 Re8 13. Qc2 c5 14. d5 Rb8 15. Nd2
h6 16. Nde4 Nxe4 17. Nxe4 Nf6 18. Nxd6 Qxd6 19. Bc3 b5 20. axb5 axb5 21. cxb5
Rxb5 22. Rfb1 Bd7 23. e4 h5 24. Rxb5 Bxb5 25. Rb1 Bd7 26. Qb2 h4 27. Qb6 Qxb6
28. Rxb6 h3 29. Bf3 Ra8 30. Bxe5 Ra3 31. Bxf6 gxf6 32. Be2 Ra1+ 33. Bf1 c4 34.
Rc6 c3 35. f3 Bxc6 0-1

[Event "AUT2O-chT 1998/99"]
[Site "Wien-Favoriten"]
[Date "1999.02.14"]
[Round "9.5"]
[White "Chulis, Alexander"]
[Black "Rudolf, Herbert"]
[Result "1/2-1/2"]
[WhiteElo "2125"]
[BlackElo "2190"]
[PlyCount "34"]
[EventDate "1999.02.13"]

1. e4 c5 2. Ne2 Nc6 3. c4 Nf6 4. Nbc3 e6 5. d4 cxd4 6. Nxd4 Bb4 7. Nxc6 bxc6 8.
Bd3 d5 9. exd5 exd5 10. O-O O-O 11. Ne2 Bd6 12. h3 Re8 13. cxd5 cxd5 14. Be3
Ne4 15. Bb5 Bd7 16. Bxd7 Qxd7 17. Qd3 Be5 1/2-1/2

[Event "AUT2O-chT 1998/99"]
[Site "Wien-Favoriten"]
[Date "1999.02.14"]
[Round "9.6"]
[White "Herndlbauer, Martin"]
[Black "Somasundram, Jayakumar"]
[Result "0-1"]
[WhiteElo "2155"]
[BlackElo "2090"]
[PlyCount "74"]
[EventDate "1999.02.13"]

1. d4 Nf6 2. c4 e6 3. Nc3 c5 4. d5 exd5 5. cxd5 d6 6. e4 g6 7. f3 Bg7 8. Be3
O-O 9. Qd2 b6 10. a4 Ba6 11. Be2 Bxe2 12. Qxe2 Re8 13. Nh3 Nbd7 14. O-O Ne5 15.
Nf2 Qd7 16. h3 Qb7 17. f4 Ned7 18. g4 Re7 19. Kh2 Rae8 20. Qc4 a6 21. g5 b5 22.
axb5 axb5 23. Nxb5 Nxe4 24. Ra7 Nb6 25. Qc2 Qxd5 26. Nc7 Rxc7 27. Rxc7 Nc4 28.
Bc1 Ned2 29. Bxd2 Nxd2 30. Rd1 Re2 31. Kg1 Qd4 32. Rc8+ Bf8 33. Rf1 Nf3+ 34.
Kg2 Nh4+ 35. Kg3 Rxc2 36. Ng4 Nf5+ 37. Kf3 Qd5# 0-1